000
00314nam a2200133Ia 4500
008
191201s2005 xx 000 0 und d
082
_a
677.4
_b
VAP
100
_a
VAIDYA, A A
245
0
_a
Production of Synthetic Fibres
260
_a
N.Delhi
_b
PHI
_c
2005
300
_a
354
650
_a
B.Tech(TE)
942
_2
ddc
_c
BK
999
_c
3874
_d
3874